000 00571nam a2200241Ia 4500
003 OSt
005 20220912151323.0
006 a|||||r|||| 00| 0
007 ta
008 220909b |||||||| |||| 00| 0 eng d
024 _a21870
037 _cTextual
040 _aCSL
_beng
_cCSL
041 _aeng
082 _aB316, K1;2
100 _aHocking John G
245 0 _aTopology
260 _c1961
300 _aix,374p.
_ccm.
700 _a Young Gail S
942 _hB316, K1;2
_cTEXL
_2CC
999 _c65937
_d65937